Introduction to design and analysis of exreriments

Αποθηκεύτηκε σε:
Λεπτομέρειες βιβλιογραφικής εγγραφής
Κύριος συγγραφέας: Cobb, George W.
Μορφή: Βιβλίο
Γλώσσα:English
Δημοσίευση: New York : Springer, c1998
Θέματα:
Ετικέτες: Προσθήκη ετικέτας
Δεν υπάρχουν, Καταχωρήστε ετικέτα πρώτοι!

MARC

LEADER 00000nam a2200000 i 4500
001 1/64105
008 071122s1998 eng d
020 |a 1-931914-07-9 
035 |l 10092485 
040 |a GR-MY-UA  |b gre  |e aacr 
041 0 |a eng 
082 0 |a 001.434  |2 (22) 
100 1 |a Cobb, George W. 
245 1 0 |a Introduction to design and analysis of exreriments /  |c George W. Cobb 
260 |a New York :   |b Springer,   |c c1998 
300 |a xxx, 795 σ.;  |b εικ.;  |c 25 εκ. 
504 |a Περιέχει βιβλιογραφικές παραπομπές (σ. [774]-781) και ευρετήρια. 
650 0 0 |a Experimental design. 
650 0 0 |a Analysis of variance. 
852 |a INST  |b SAMOS  |e 20071122  |h 001.434 COB  |p 005300027726  |q 005300027726  |t BK  |y 0 
901 |a BIBL3-2007-3 
909 |a Σ  |b 134236 
922 |a 3ΕΛΗ  |b 200711  |c ΕΠΕΑΕΚ2/ΤΣΑΕ  |d ΠΑΠΑΣΩΤΗΡΙΟΥ 
970 |a ΣΙΤΖΙΜΗ  |b ΓΙΑΣΕΜΗ  |z 2007/11/22